LEADER 01530nam0 22003371i 450 001 UON00499104 005 20231205105406.540 010 $a978-88-339-2055-9 100 $a20191029f2010 |0itac50 ba 101 $aita 102 $aIT 105 $a|||| ||||| 200 1 $aCome le lucciole$euna politica delle sopravvivenze$fGeorges Didi-Huberman 205 $aTorino : Bollati Boringhieri$b2010 210 $a100 p.$a19 cm 215 $aTraduzione di Chiara Tartarini 312 $aTit. orig.$9UON00501326 410 1$1001UON00319133$12001 $aNuova Cultura. Introduzioni$1210 $aTorino$cBollati Boringhieri$v230 500 0$3UON00501326$aSurvivance des lucioles$91114923 606 $aCRITICISMO$xStoria$3UONC066537$2FI 620 $aIT$dTorino$3UONL000014 676 $a809.6$cStoria, descrizione, studio critico di pił d'una letteratura. Lettere$v21 700 1$aDIDI-HUBERMAN$bGeorges$3UONV159200$0221677 712 $aBollati Boringhieri$3UONV247905$4650 801 $aIT$bSOL$c20250606$gRICA 899 $aSIBA - SISTEMA BIBLIOTECARIO DI ATENEO$2UONSI 912 $aUON00499104 950 $aSIBA - SISTEMA BIBLIOTECARIO DI ATENEO$dSI FS 2.0 SMARRITO $eSI 33382 6 SMARRITO $sSmarrito 951 $aSIBA - SISTEMA BIBLIOTECARIO DI ATENEO$bSI20191057 1J 20191029 996 $aSurvivance des lucioles$91114923 997 $aUNIOR